00900nam a22002657a 45000010005000000030006000050050017000110080041000280200018000690400029000870500013001160820008001291000034001372450043001712500027002142600035002413000045002765050007003215200190003285210019005185210018005376500029005556500017005847000033006015135FISKH20241107120402.0241107b cb ||||| |||| 00| 0 eng d a9780545279796 aFISKHbengcFISKHdFISKH aPZ7.D439 a813 adePaola, Tomied(1934–2020) aStrega nona's harvest /cTomie dePaola aFirst printing in 2010 aNew York :bScholastic,c2010. a31 pages :bColor illustrations ;c28 cm aP  aAfter helping Strega Nona plant her vegetable garden just so, Big Anthony takes some extra seeds and sows another garden willy nilly, then must find a way to deal with the consequences.8 a620L bLexile 8 aP bRaz-Plus  2AutumnaSharingvFiction 2GardenaFood aTamura, MarikkadIllustrator